00313nam a2200133Ia 4500008004100000020001500041041001200056082001100068100001600079245003500095260002500130300000800155650001600163221030s9999 xx 000 0 und d a0070587531 aEnglish a105.23 aW. Buchanan 0aDistributed Systems & Networks bTMHaNew Delhic2004 a674 aBE Computer